Building biotechnology : starting, managing, and understanding Biotechnology companies /
Salvato in:
| Autore principale: | |
|---|---|
| Natura: | Libro |
| Lingua: | inglese |
| Pubblicazione: |
Washington
thinkBiotech
2006
|
| Edizione: | 2nd ed. |
| Soggetti: | |
| Accesso online: | Visualizza in OPAC |
| Tags: |
Nessun Tag, puoi essere il primo ad aggiungerne!!
|
MARC
| LEADER | 00000nam a22000005a 4500 | ||
|---|---|---|---|
| 005 | 20260127134216.0 | ||
| 008 | 040112s2004 nyu 000 0 eng | ||
| 020 | |a 0973467630 | ||
| 035 | |a vtls008953275 | ||
| 039 | 9 | |y 200703080957 |z mschk03 | |
| 040 | |a STUSCHK1 |b slo |c STUSCHK1 |d DLC | ||
| 042 | |a pcc | ||
| 100 | 1 | |a Friedman, Yali. | |
| 245 | 1 | 0 | |a Building biotechnology : |b starting, managing, and understanding Biotechnology companies / |c Yali Friedman. |
| 250 | |a 2nd ed. | ||
| 260 | |a Washington |b thinkBiotech |c 2006 | ||
| 263 | |a 0406 | ||
| 300 | |a viii, 306 p. |c 23,5 cm. | ||
| 650 | 0 | |a Biotechnology industries | |
| 650 | 0 | |a Biotechnology | |
| 906 | |a 0 |b ibc |c orignew |d 2 |e epcn |f 20 |g y-gencatlg | ||
| 910 | |a SCHK95 | ||
| 919 | |a 0-9734676-3-0 | ||
| 925 | 0 | |a acquire |b 2 shelf copies |x policy default | |
| 963 | |a Yali Friedman ; phone (716) 308-7668 ; fax null email info@thinkbiotech.com | ||
| 999 | |c 6756 |d 6756 | ||